La comunidad reclamada: identidades, utopías y memorias en la sociedad chilena actual

Gardado en:
Detalles Bibliográficos
Autor Principal: Bengoa Cabello, José (Author)
Formato: Libro
Idioma:Lingua castelá
Publicado: Santiago Catalonia 2006
Edición:1a. ed
Subjects:
Tags: Engadir etiqueta
Sen Etiquetas, Sexa o primeiro en etiquetar este rexistro!

MARC

LEADER 00000cam a2200000 a 4500
001 UCI5946
003 CL-VaPUC
008 080411e20060000CL |||||||||||||||||spa|d
020 |a 9568303405 
082 0 4 |a 983  |b BEN  |2 21 
100 |a Bengoa Cabello, José  |e author  |9 603139 
245 1 3 |a La comunidad reclamada: identidades, utopías y memorias en la sociedad chilena actual 
250 |a 1a. ed 
300 |a 187 p 
942 |c BK 
945 |d 20080411 00:00:00  |a jtorresc 
260 |a Santiago  |b Catalonia  |c 2006 
650 0 |a Historia de Chile  |9 265473 
650 0 |a Sociedad chilena  |9 412967 
650 0 |a Clases sociales  |9 256858 
583 |a last modification  |c 20190705 09:24:08  |k Rodrigo Vera 
999 |c 329586  |d 329584 
952 |0 0  |1 0  |4 0  |6 983_000000000000000_BEN_2006  |7 0  |8 A  |9 414493  |a BIBHIS  |b BIBHIS  |d 2019-11-22  |i 4424972  |o 983 BEN 2006  |p 4424972  |r 2025-01-20  |w 2019-11-22  |y BK  |k HIS 
952 |0 0  |1 0  |4 0  |6 983_000000000000000_BEN_2006  |7 0  |8 A  |9 414494  |a BIBCUR  |b BIBCUR  |d 2019-11-22  |i 4522788  |o 983 BEN 2006  |p 4522788  |r 2025-04-22  |w 2019-11-22  |y BK  |k PER 
952 |0 0  |1 0  |4 0  |6 983_000000000000000_BEN_2006  |7 0  |8 A  |9 414495  |a BIBGIM  |b BIBGIM  |d 2019-11-22  |i 4894391  |o 983 BEN 2006  |p 4894391  |r 2025-01-15  |w 2019-11-22  |y BK  |k SSL 
952 |0 0  |1 0  |3 erb  |4 0  |6 983_000000000000000_BEN_2006  |7 0  |8 A  |9 414496  |a BIBHIS  |b BIBHIS  |e Valenzuela Fuenzalida, Alvaro Miguel, 1932-  |i 520349K  |l 2  |m 1  |o 983 BEN 2006  |p 520349K  |r 2025-01-20  |s 2023-03-30  |w 2019-11-22  |y BK  |z Catalogado en:20150827  |k HIS